Statistics for Stephen King Characters

Click here to take the quiz!

General Stats

  • This quiz has been taken 313 times
  • The average score is 8 of 20

Answer Stats

HintAnswer% Correct
Danny TorranceThe Shining
94%
Carrie WhiteCarrie
89%
Randall FlaggThe Stand
67%
Paul SheldonMisery
66%
Kurt BarlowSalem's lot
61%
Victor CrissIT
57%
Arnold CunninghamChristine
49%
Leland GauntNeedful Things
42%
Lisey LandonLisey's Story
36%
George StarkThe Dark Half
35%
Charlie McGeeFirestarter
34%
Winston ChurchillPet Sematary
32%
Chris ChambersThe Body
31%
RedThe Shawshank Redemption
27%
Sadie Dunhill11/22/63
24%
Jim RennieUnder the Dome
24%
Reverend JacobsRevival
19%
Frank DoddThe Deadzone
17%
Jack SawyerThe Talisman
13%
James GardnerThe Tommyknockers
13%

Score Distribution

Percentile by Number Answered

Percent of People with Each Score

Your Score History

You have not taken this quiz